Movies Quiz

Random Movies or Clickable Quiz

“Top-10” Lists: Movie Match-Up Quiz Stats

 Plays Quiz not verified by Sporcle

Score 0/12 Timer 04:00
0 Plays Today
% Correct
Top 10 Animation
98.2%
Top 10 Courtroom Drama
90.4%
Top 10 Sci-Fi
89.1%
Top 25 Musicals
83.6%
Top 10 Sports
82.7%
Top 10 Western
73.6%
Top 10 Gangster
61%
Top 10 Mystery
44%
Top 10 Fantasy
39.5%
Top 10 Epic
36.2%
Top 10 Romantic Comedy
31%
Top 25 Film Scores
16.8%

You're not logged in!

Compare scores with friends on all Sporcle quizzes.
OR
Log In

Show Comments

Extras

Top Quizzes Today


Score Distribution

Your Account Isn't Verified!

In order to create a playlist on Sporcle, you need to verify the email address you used during registration. Go to your Sporcle Settings to finish the process.

Report this User

Report this user for behavior that violates our Community Guidelines.

Details: